[Event "Reykjavik op"]
[Site "Reykjavik"]
[Date "2025.04.13"]
[Round "6"]
[White "Toth, Kincso"]
[Black "Alguno Openia, Tristan Nash"]
[Result "1/2-1/2"]
[WhiteElo "1881"]
[BlackElo "1624"]
[PlyCount "87"]
[EventDate "2025.04.09"]
[EventType "swiss"]
[EventRounds "9"]
[EventCountry "ISL"]
[SourceTitle "CB17_2025"]
[SourceDate "2025.04.23"]
[SourceVersion "1"]
[SourceVersionDate "2025.04.23"]
[SourceQuality "1"]

1. e4 c5 2. c3 e6 3. d4 cxd4 4. cxd4 d5 5. exd5 exd5 6. Nf3 Nf6 7. Bd3 Be7 8. 0-0 0-0 9. h3 h6 10. Nc3 Be6 11. Bf4 Nc6 12. Qd2 Rc8 13. Rac1 Bb4 14. a3 Bxc3 15. bxc3 Ne4 16. Qc2 Re8 17. Rfe1 Bf5 18. Qb2 Qd7 19. Bf1 a6 20. Ne5 Nxe5 21. Bxe5 Rc6 22. c4 Rec8 23. cxd5 Rxc1 24. Rxc1 Rxc1 25. Qxc1 Qxd5 26. Qf4 Be6 27. Bd3 Nc3 28. Qg3 g5 29. h4 Qd8 30. Qf3 gxh4 31. Qh5 Qg5 32. Qxg5+ hxg5 33. Bf6 h3 34. gxh3 Bxh3 35. Bxg5 Kg7 36. Bd2 Nd5 37. Be4 Be6 38. Kf1 b5 39. Ke2 f5 40. Bg2 Kf6 41. Kd3 Ke7 42. Bxd5 Bxd5 43. Bb4+ Ke6 44. Ke3 1/2-1/2

[Event "Reykjavik op"]
[Site "Reykjavik"]
[Date "2025.04.10"]
[Round "2"]
[White "Toth, Kincso"]
[Black "Blanchet, Mathieu"]
[Result "0-1"]
[WhiteElo "1881"]
[BlackElo "2091"]
[PlyCount "90"]
[EventDate "2025.04.09"]
[EventType "swiss"]
[EventRounds "9"]
[EventCountry "ISL"]
[SourceTitle "CB17_2025"]
[SourceDate "2025.04.23"]
[SourceVersion "1"]
[SourceVersionDate "2025.04.23"]
[SourceQuality "1"]

1. e4 c5 2. d4 cxd4 3. c3 dxc3 4. Nxc3 Nc6 5. Nf3 e6 6. Bb5 a6 7. Ba4 b5 8. Bb3 Bb7 9. 0-0 Nge7 10. Qe2 Ng6 11. Rd1 Bc5 12. Bg5 Be7 13. Be3 0-0 14. Rac1 Na5 15. Nd4 Nxb3 16. Nxb3 Rc8 17. Bd4 Bg5 18. Ra1 Be7 19. Rac1 d6 20. Qg4 e5 21. Be3 Rc4 22. Nd2 Rb4 23. b3 f5 24. Qe2 f4 25. Ba7 Qa8 26. Bb6 f3 27. gxf3 Nf4 28. Qf1 Rf6 29. Ne2 Rg6+ 30. Ng3 d5 31. a3 Rxb6 32. axb4 d4 33. Nf5 Rg6+ 34. Kh1 Bxb4 35. Rc7 Kf8 36. Nh4 Rh6 37. Qg1 Ne6 38. Rxb7 Qxb7 39. Qg4 Qc6 40. Nf1 Qc2 41. Ra1 Qxf2 42. Ng3 Rxh4 43. Qxh4 Qxf3+ 44. Kg1 d3 45. Rf1 Bc5+ 0-1

[Event "Reykjavik op"]
[Site "Reykjavik"]
[Date "2025.04.09"]
[Round "1"]
[White "Gudbrandsson, Thor Jokull"]
[Black "Toth, Kincso"]
[Result "0-1"]
[WhiteElo "1622"]
[BlackElo "1881"]
[PlyCount "92"]
[EventDate "2025.04.09"]
[EventType "swiss"]
[EventRounds "9"]
[EventCountry "ISL"]
[SourceTitle "CB17_2025"]
[SourceDate "2025.04.23"]
[SourceVersion "1"]
[SourceVersionDate "2025.04.23"]
[SourceQuality "1"]

1. f4 d5 2. Nf3 Nf6 3. e3 Bg4 4. h3 Bxf3 5. Qxf3 Nbd7 6. g4 e6 7. Nc3 Bb4 8. g5 Bxc3 9. bxc3 Ne4 10. Rb1 Rb8 11. Bb2 c5 12. Bb5 Qa5 13. Bxd7+ Kxd7 14. Qg2 Qxa2 15. 0-0 Nd6 16. d3 h6 17. c4 Nf5 18. Qf3 d4 19. exd4 cxd4 20. c3 b5 21. c5 Qd5 22. Qxd5+ exd5 23. g6 fxg6 24. Ra1 Ra8 25. Ra6 Ne7 26. Re1 Nc6 27. cxd4 Rhf8 28. Rf1 Rae8 29. Rf3 Re2 30. Bc3 b4 31. Bxb4 Nxb4 32. Rxa7+ Ke6 33. Rxg7 Kf6 34. Rb7 Nc6 35. Rb6 Re6 36. f5 gxf5 37. Rf4 Rg8+ 38. Kf2 Rb8 39. Rxb8 Nxb8 40. Kf3 Nc6 41. Rh4 Kg6 42. Kf2 Nb4 43. Kf1 Kg5 44. c6 Nxc6 45. Kf2 Kxh4 46. Kf3 Nxd4+ 0-1

[Event "Allauch op 6th"]
[Site "Allauch"]
[Date "2024.08.27"]
[Round "2"]
[White "Toth, Kincso"]
[Black "Degraeve, Remy"]
[Result "0-1"]
[WhiteElo "1912"]
[BlackElo "2402"]
[PlyCount "60"]
[EventDate "2024.08.26"]
[EventType "swiss"]
[EventRounds "9"]
[EventCountry "FRA"]
[SourceTitle "CBM 221 Extra"]
[Source "ChessBase"]
[SourceDate "2024.09.30"]
[SourceVersion "1"]
[SourceVersionDate "2024.09.30"]
[SourceQuality "1"]

1. e4 e5 2. Nf3 Nc6 3. Nc3 Nf6 4. d4 exd4 5. Nxd4 Bb4 6. Nxc6 bxc6 7. Bd3 0-0 8. 0-0 Re8 9. Re1 d6 10. Bd2 a5 11. f3 Nd7 12. Ne2 Ne5 13. Bc3 Qf6 14. Bxb4 axb4 15. c3 c5 16. Ng3 bxc3 17. bxc3 Ra3 18. Be2 Rxc3 19. a4 c4 20. a5 Nd3 21. Bxd3 cxd3 22. Qa4 Kf8 23. a6 Rc2 24. Nf1 Qh4 25. Qd4 Bxa6 26. Ng3 Bb5 27. Qxg7+ Kxg7 28. Nf5+ Kf6 29. Nxh4 d2 30. Reb1 Ra8 0-1

[Event "HUN-chT2 Breyer 2324"]
[Site "Hungary"]
[Date "2024.03.10"]
[Round "6.10"]
[White "Klinga, Matyas"]
[Black "Toth, Kincso"]
[Result "0-1"]
[WhiteElo "1556"]
[BlackElo "1723"]
[PlyCount "50"]
[EventDate "2023.10.08"]
[EventType "team-tourn"]
[EventRounds "9"]
[EventCountry "HUN"]
[SourceTitle "EXT 2025"]
[Source "ChessBase"]
[SourceDate "2024.10.14"]
[SourceVersion "1"]
[SourceVersionDate "2024.10.14"]
[SourceQuality "1"]
[WhiteTeam "Nyergesujfalu"]
[BlackTeam "Naszaly Geniusz Tata"]
[WhiteTeamCountry "HUN"]
[BlackTeamCountry "HUN"]

1. d4 Nf6 2. Bf4 d6 3. c3 Nbd7 4. Nf3 c5 5. e3 g6 6. Nbd2 Bg7 7. Bd3 0-0 8. 0-0 Re8 9. Bc4 cxd4 10. cxd4 Nb6 11. Qb3 Nxc4 12. Nxc4 Be6 13. Rac1 Qd7 14. Ng5 Bd5 15. Qd3 h6 16. Nf3 Bxf3 17. gxf3 Qh3 18. Nd2 g5 19. Bg3 h5 20. Ne4 Nxe4 21. Qxe4 h4 22. Bxh4 Qxh4 23. Qxb7 Bf6 24. Kg2 Kg7 25. b3 Rh8 0-1

[Event "HUN-chT2 Breyer 2324"]
[Site "Hungary"]
[Date "2023.12.10"]
[Round "3.12"]
[White "Toth, Kincso"]
[Black "Fekete, Laszlo2"]
[Result "1/2-1/2"]
[WhiteElo "1723"]
[BlackElo "1850"]
[PlyCount "61"]
[EventDate "2023.10.08"]
[EventType "team-tourn"]
[EventRounds "9"]
[EventCountry "HUN"]
[SourceTitle "EXT 2025"]
[Source "ChessBase"]
[SourceDate "2024.10.14"]
[SourceVersion "1"]
[SourceVersionDate "2024.10.14"]
[SourceQuality "1"]
[WhiteTeam "Naszaly Geniusz Tata"]
[BlackTeam "Esztergom"]
[WhiteTeamCountry "HUN"]
[BlackTeamCountry "HUN"]

1. e4 c5 2. d4 cxd4 3. c3 dxc3 4. Nxc3 Nc6 5. Nf3 e6 6. Bc4 Qc7 7. 0-0 Nf6 8. Nb5 Qb8 9. e5 Nxe5 10. Bf4 d6 11. Rc1 Bd7 12. Be2 Bxb5 13. Bxb5+ Ned7 14. Re1 a6 15. Ba4 Be7 16. Ng5 0-0 17. Bb3 e5 18. Bg3 h6 19. Nf3 g6 20. Nh4 Kg7 21. f4 Nh5 22. f5 Nxg3 23. hxg3 g5 24. Nf3 Nf6 25. Qd2 Ng8 26. Qd5 Nf6 27. Qd2 Ng8 28. Qd5 Ra7 29. Rc2 Nf6 30. Qd2 Ng8 31. Qd5 1/2-1/2

[Event "Allauch op 5th"]
[Site "Allauch"]
[Date "2023.09.01"]
[Round "8"]
[White "Toth, Kincso"]
[Black "Cauture, Baptiste"]
[Result "0-1"]
[WhiteElo "1709"]
[BlackElo "1575"]
[PlyCount "94"]
[EventDate "2023.08.28"]
[EventType "swiss"]
[EventRounds "9"]
[EventCountry "FRA"]
[SourceTitle "CBM 216 Extra"]
[Source "ChessBase"]
[SourceDate "2023.11.30"]
[SourceVersion "1"]
[SourceVersionDate "2023.11.30"]
[SourceQuality "1"]

1. e4 c5 2. d4 cxd4 3. c3 dxc3 4. Nxc3 Nc6 5. Nf3 d6 6. Bc4 a6 7. 0-0 Nf6 8. Bf4 Bg4 9. h3 Bh5 10. Be2 e6 11. Rc1 Be7 12. Qb3 Qb8 13. Rfd1 0-0 14. Na4 Nxe4 15. Nb6 e5 16. Be3 Qc7 17. Nxa8 Rxa8 18. Bb6 Qc8 19. Bc4 Bxf3 20. Qxf3 Ng5 21. Qb3 Qf5 22. Bd5 Rc8 23. Be3 Qd7 24. Bb6 Qf5 25. Rc3 h6 26. Rdc1 Rf8 27. Bxc6 bxc6 28. Rxc6 Ne4 29. Qd5 Bg5 30. R1c2 Bf4 31. Qd3 d5 32. Qxd5 Ng5 33. R6c3 Qg6 34. Kf1 Qxb6 35. g3 Bxg3 36. Rxg3 Rd8 37. Qc6 Rd1+ 38. Kg2 Qd4 39. Re3 Rb1 40. Qe8+ Kh7 41. Qxe5 Qd1 42. Kg3 Qh1 43. Qf5+ g6 44. Qg4 Rg1+ 45. Kf4 Rxg4+ 46. hxg4 Qd5 47. Rce2 Qd6+ 0-1

[Event "HUN-ch U18 Girls"]
[Site "Budapest"]
[Date "2020.10.26"]
[Round "4"]
[White "Lukacs, Anna Kata"]
[Black "Toth, Kincso"]
[Result "0-1"]
[WhiteElo "1799"]
[BlackElo "1582"]
[PlyCount "72"]
[EventDate "2020.10.24"]
[EventType "tourn"]
[EventRounds "10"]
[EventCountry "HUN"]
[SourceTitle "CBM 199 Extra"]
[Source "ChessBase"]
[SourceDate "2021.01.31"]
[SourceVersion "1"]
[SourceVersionDate "2021.01.31"]
[SourceQuality "1"]

1. e4 e5 2. Nc3 Nf6 3. f4 d5 4. fxe5 Nxe4 5. Qf3 f5 6. d4 c5 7. Bb5+ Nc6 8. Nge2 Be7 9. Be3 0-0 10. 0-0-0 c4 11. Nf4 a6 12. Ba4 b5 13. Nfxd5 bxa4 14. Nxe4 fxe4 15. Nxe7+ Nxe7 16. Qxe4 Bf5 17. Qh4 Nd5 18. Bg5 Qb6 19. Be7 Rfe8 20. Bc5 Qg6 21. Qf2 c3 22. b3 axb3 23. axb3 a5 24. Rhf1 Be6 25. Rd3 a4 26. Rg3 Qh6+ 27. Kb1 axb3 28. cxb3 Reb8 29. Qc2 Ne3 30. Rxe3 Qxe3 31. d5 Qxc5 32. dxe6 Ra3 33. Qf5 Rbxb3+ 34. Kc2 Rb2+ 35. Kd3 c2+ 36. Ke4 Rb4# 0-1

[Event "HUN-ch U16 Girls"]
[Site "Balatonlelle"]
[Date "2019.06.27"]
[Round "6"]
[White "Juhasz, Judit"]
[Black "Toth, Kincso"]
[Result "1-0"]
[WhiteElo "1963"]
[BlackElo "1494"]
[PlyCount "79"]
[EventDate "2019.06.22"]
[EventType "swiss"]
[EventRounds "7"]
[EventCountry "HUN"]
[SourceTitle "CBM 191 Extra"]
[Source "ChessBase"]
[SourceDate "2019.09.30"]
[SourceVersion "1"]
[SourceVersionDate "2019.09.30"]
[SourceQuality "1"]

1. e4 c5 2. Nf3 Nc6 3. d4 cxd4 4. Nxd4 Nf6 5. Nc3 e5 6. Ndb5 d6 7. Bg5 a6 8. Na3 b5 9. Nd5 Be7 10. Bxf6 Bxf6 11. c3 Ne7 12. Nc2 Bb7 13. Ncb4 Nc6 14. a4 Nxb4 15. Nxb4 0-0 16. Nd5 bxa4 17. Rxa4 a5 18. Bc4 Bg5 19. h4 Be7 20. g3 Kh8 21. 0-0 f5 22. exf5 Rxf5 23. Bd3 Rf7 24. Qh5 Qg8 25. Bxh7 Qxh7 26. Qxf7 Bxd5 27. Qxd5 Rb8 28. Rxa5 Qg6 29. Ra8 Rxa8 30. Qxa8+ Kh7 31. Re1 Qe6 32. Qe4+ Kg8 33. b4 Bf6 34. Rd1 Be7 35. Qd5 Kf7 36. c4 Kf6 37. b5 Qc8 38. b6 Qb8 39. b7 Qc7 40. Ra1 1-0

[Event "HUN-ch U16 Girls"]
[Site "Balatonlelle"]
[Date "2019.06.24"]
[Round "3"]
[White "Toth, Kincso"]
[Black "Gombocz, Zsofia"]
[Result "0-1"]
[WhiteElo "1494"]
[BlackElo "2077"]
[PlyCount "84"]
[EventDate "2019.06.22"]
[EventType "swiss"]
[EventRounds "7"]
[EventCountry "HUN"]
[SourceTitle "CBM 191 Extra"]
[Source "ChessBase"]
[SourceDate "2019.09.30"]
[SourceVersion "1"]
[SourceVersionDate "2019.09.30"]
[SourceQuality "1"]

1. e4 e5 2. Nf3 Nc6 3. Bc4 Bc5 4. c3 Nf6 5. d3 a6 6. Bb3 Ba7 7. h3 d5 8. exd5 Nxd5 9. 0-0 0-0 10. Re1 Re8 11. Na3 f6 12. Nc4 Be6 13. Ne3 Nf4 14. Bc2 Qd7 15. Nc4 Nd5 16. Bd2 Rad8 17. Be3 b5 18. Bxa7 Nxa7 19. Ne3 Nf4 20. d4 Qc6 21. Bb3 e4 22. Nh2 Kh8 23. Bxe6 Qxe6 24. Qg4 Nd3 25. Re2 Qxg4 26. Nhxg4 h5 27. Nh2 Nc6 28. Nhf1 g6 29. g3 f5 30. Ng2 g5 31. h4 f4 32. Rd2 Rg8 33. Kh2 Rdf8 34. Rad1 Ne7 35. hxg5 Rxg5 36. Ne1 fxg3+ 37. Nxg3 Nxf2 38. Rc1 Ng4+ 39. Kh3 Nf2+ 40. Kh2 h4 41. Ne2 Nd5 42. Ng2 h3 0-1

[Event "HUN-chT2 Breyer 1819"]
[Site "Hungary"]
[Date "2018.12.02"]
[Round "3.12"]
[White "Toth, Kincso"]
[Black "Topercer, Marton"]
[Result "1/2-1/2"]
[WhiteElo "1474"]
[BlackElo "1480"]
[PlyCount "30"]
[EventDate "2018.10.28"]
[EventType "team-tourn"]
[EventRounds "9"]
[EventCountry "HUN"]
[SourceTitle "CBM 189 Extra"]
[Source "ChessBase"]
[SourceDate "2019.05.31"]
[SourceVersion "1"]
[SourceVersionDate "2019.05.31"]
[SourceQuality "1"]
[WhiteTeam "Naszaly Geniusz Tata"]
[BlackTeam "Paty"]
[WhiteTeamCountry "HUN"]
[BlackTeamCountry "HUN"]

1. e4 c5 2. b3 Nc6 3. Bb2 e6 4. Nf3 Nf6 5. Nc3 Be7 6. Be2 0-0 7. 0-0 d5 8. exd5 exd5 9. d4 Bg4 10. Ne5 Bxe2 11. Nxe2 Re8 12. Nxc6 bxc6 13. Rc1 cxd4 14. Nxd4 c5 15. Nf5 d4 1/2-1/2

[Event "HUN-chT2 Breyer 1819"]
[Site "Hungary"]
[Date "2018.11.18"]
[Round "2.12"]
[White "Ramadan, Erik"]
[Black "Toth, Kincso"]
[Result "0-1"]
[WhiteElo "1240"]
[BlackElo "1474"]
[PlyCount "94"]
[EventDate "2018.10.28"]
[EventType "team-tourn"]
[EventRounds "9"]
[EventCountry "HUN"]
[SourceTitle "CBM 189 Extra"]
[Source "ChessBase"]
[SourceDate "2019.05.31"]
[SourceVersion "1"]
[SourceVersionDate "2019.05.31"]
[SourceQuality "1"]
[WhiteTeam "Vizugy"]
[BlackTeam "Naszaly Geniusz Tata"]
[WhiteTeamCountry "HUN"]
[BlackTeamCountry "HUN"]

1. d4 d5 2. c4 c6 3. Nc3 Nf6 4. Bf4 Qb6 5. Qd2 Bf5 6. c5 Qd8 7. f3 Nbd7 8. h4 h5 9. Nh3 e6 10. Nf2 Be7 11. e4 dxe4 12. fxe4 Bg6 13. Bg5 Rc8 14. Bd3 Ng8 15. b4 Bxg5 16. Qxg5 Qxg5 17. hxg5 Ne7 18. 0-0-0 Rg8 19. g4 hxg4 20. Nxg4 b6 21. Rh2 b5 22. Rdh1 Ra8 23. Rh8 Kf8 24. a3 a5 25. Kb2 a4 26. Rxg8+ Kxg8 27. Ne2 Rd8 28. Nf4 Nf8 29. Kc3 Nd7 30. Rh2 Nf8 31. Ne5 Rc8 32. Rf2 Rc7 33. Nfxg6 Nexg6 34. Nxg6 Nxg6 35. e5 Ne7 36. g6 fxg6 37. Be4 Rc8 38. Rg2 Kf7 39. Rf2+ Kg8 40. Bg2 Nf5 41. Rf4 Ne7 42. Bh3 Nd5+ 43. Kd2 Nxf4 44. Bg4 Kf7 45. Ke3 Nd5+ 46. Ke4 Rh8 47. Kf3 Rh1 0-1